| 000 | 00607 a2200181 4500 | ||
|---|---|---|---|
| 020 | _a0070236658 | ||
| 040 |
_aDLC _bDLC |
||
| 082 | 0 | 0 | _a540.7/6 |
| 100 | 1 | _aGoldberg, David E. | |
| 245 | 1 | 0 |
_aSchaum's 3000 solved problems in chemistry _cDavid E. Goldberg. |
| 260 |
_aNew York : _bMcGraw-Hill, _cc1988. |
||
| 300 |
_av, 606 p. : _bill. ; _c28 cm. |
||
| 650 | 0 |
_aChemistry _xProblems, exercises, etc. |
|
| 740 | 0 | _aSchaum's three thousand solved problems in chemistry. | |
| 740 | 0 | _a3000 solved problems in chemistry. | |
| 740 | 0 | _aThree thousand solved problems in chemistry. | |
| 942 |
_cBK _k540.76 GOL _2ddc |
||
| 999 |
_c7785 _d7785 |
||